000 00442nam a2200181Ia 4500
005 20250603145014.0
008 250603s9999 xx 000 0 und d
020 _a9789788408925
050 _aRC 467 .O36/
100 _aOfovwe, Caroline
245 0 _aFundamentals of general and clinical psychology
260 _aBenin
260 _bMindex Publishing Co. Ltd.
260 _c2011
300 _a301 p
650 _aBenin
942 _cBK
999 _c40590
_d40590